000 00758nam a22001577a 4500
003 OSt
005 20151105145906.0
008 151105b xxu||||| |||| 00| 0 eng d
040 _cRUA
082 _aFOR BEN 1999 B125 Or.1
100 _93404
_aBENGHONG, SOCHEAT, NORLAKH.
245 _aStudy of sil vicultural knowledge carried out by local community in baty commune chatrea district svay rieng province, សិក្សាពីចំណោះដឹងរុក្ខវប្បកម្ម ដែលអនុវត្តដោយប្រជាជនសហគមន៏ ឃុំបាទី ស្រុកចន្ទ្រា ខេត្តស្វាយរៀង
260 _aPhnom Penh
_bRUA
_c1999
300 _a48p.
_bill.
_c29cm.
942 _2ddc
_cFOR
999 _c3175
_d3175